<?xml version="1.0" encoding="UTF-8"?>
<record
    xmlns:xsi="http://www.w3.org/2001/XMLSchema-instance"
    xsi:schemaLocation="http://www.loc.gov/MARC21/slim http://www.loc.gov/standards/marcxml/schema/MARC21slim.xsd"
    xmlns="http://www.loc.gov/MARC21/slim">

  <leader>01747 am a2200505 a 4500</leader>
  <controlfield tag="005">20240625091419.0</controlfield>
  <controlfield tag="008">100624s2003||||sp a   f |||| 001 0 spa d</controlfield>
  <datafield tag="020" ind1=" " ind2=" ">
    <subfield code="a">8429143769</subfield>
  </datafield>
  <datafield tag="041" ind1=" " ind2=" ">
    <subfield code="a">spa</subfield>
  </datafield>
  <datafield tag="092" ind1=" " ind2=" ">
    <subfield code="c">530</subfield>
    <subfield code="l">83</subfield>
    <subfield code="s">TIP</subfield>
  </datafield>
  <datafield tag="100" ind1="1" ind2=" ">
    <subfield code="a">Tipler, Paul A.</subfield>
    <subfield code="9">1164</subfield>
  </datafield>
  <datafield tag="245" ind1=" " ind2=" ">
    <subfield code="a">F&#xED;sica Preuniversitaria. </subfield>
    <subfield code="b">T.2 Electricidad y Magnetismo. Optica. F&#xED;sica Moderna /</subfield>
    <subfield code="c">Paul A. Tipler.</subfield>
  </datafield>
  <datafield tag="250" ind1=" " ind2=" ">
    <subfield code="a">1a ed. en espa&#xF1;ol</subfield>
    <subfield code="b">Traducci&#xF3;n Juli&#xE1;n Fern&#xE1;ndez Ferrer</subfield>
  </datafield>
  <datafield tag="260" ind1=" " ind2=" ">
    <subfield code="a">Barcelona: </subfield>
    <subfield code="b">Revert&#xE9;;</subfield>
    <subfield code="c">2003.</subfield>
  </datafield>
  <datafield tag="300" ind1=" " ind2=" ">
    <subfield code="a">491-1070 p.</subfield>
  </datafield>
  <datafield tag="500" ind1=" " ind2=" ">
    <subfield code="a">Tipler, P. A. (2003). F&#xED;sica Preuniversitaria. T.2 Electricidad y magnetismo. &#xD3;ptica. F&#xED;sica moderna. (1a ed.). Barcelona : Revert&#xE9;. </subfield>
  </datafield>
  <datafield tag="653" ind1=" " ind2=" ">
    <subfield code="a">Campos el&#xE9;ctricos</subfield>
  </datafield>
  <datafield tag="653" ind1=" " ind2=" ">
    <subfield code="a">Electrost&#xE1;tica</subfield>
  </datafield>
  <datafield tag="653" ind1=" " ind2=" ">
    <subfield code="a">Corriente electrica y circuitos</subfield>
  </datafield>
  <datafield tag="653" ind1=" " ind2=" ">
    <subfield code="a">Campo magn&#xE9;tico</subfield>
  </datafield>
  <datafield tag="653" ind1=" " ind2=" ">
    <subfield code="a">Inducci&#xF3;n electromagn&#xE9;tica</subfield>
  </datafield>
  <datafield tag="653" ind1=" " ind2=" ">
    <subfield code="a">Circuitos de corriente alterna</subfield>
  </datafield>
  <datafield tag="653" ind1=" " ind2=" ">
    <subfield code="a">Luz</subfield>
  </datafield>
  <datafield tag="653" ind1=" " ind2=" ">
    <subfield code="a">Optica geom&#xE9;trica</subfield>
  </datafield>
  <datafield tag="653" ind1=" " ind2=" ">
    <subfield code="a">Instrumentos &#xF3;pticos</subfield>
  </datafield>
  <datafield tag="653" ind1=" " ind2=" ">
    <subfield code="a">Optica f&#xED;sica: interferencias y difracci&#xF3;n</subfield>
  </datafield>
  <datafield tag="653" ind1=" " ind2=" ">
    <subfield code="a">Relatividad</subfield>
  </datafield>
  <datafield tag="653" ind1=" " ind2=" ">
    <subfield code="a">Origenes de la teor&#xED;a cu&#xE1;ntica</subfield>
  </datafield>
  <datafield tag="653" ind1=" " ind2=" ">
    <subfield code="a">Ondas electr&#xF3;nicas y teor&#xED;a cu&#xE1;ntica</subfield>
  </datafield>
  <datafield tag="653" ind1=" " ind2=" ">
    <subfield code="a">Atomos, mol&#xE9;culas y s&#xF3;lidos</subfield>
  </datafield>
  <datafield tag="653" ind1=" " ind2=" ">
    <subfield code="a">F&#xED;sica nuclear</subfield>
  </datafield>
  <datafield tag="653" ind1=" " ind2=" ">
    <subfield code="a">Particulas elementales</subfield>
  </datafield>
  <datafield tag="653" ind1=" " ind2=" ">
    <subfield code="a">Ap&#xE9;ndice A: repaso de matematicas</subfield>
  </datafield>
  <datafield tag="653" ind1=" " ind2=" ">
    <subfield code="a">Ap&#xE9;ndice B: unidades SI</subfield>
  </datafield>
  <datafield tag="653" ind1=" " ind2=" ">
    <subfield code="a">Ap&#xE9;ndice C: datos num&#xE9;ricos</subfield>
  </datafield>
  <datafield tag="653" ind1=" " ind2=" ">
    <subfield code="a">Ap&#xE9;ndice D: factores de conversi&#xF3;n</subfield>
  </datafield>
  <datafield tag="653" ind1=" " ind2=" ">
    <subfield code="a">Ap&#xE9;ndice E: Tablas trigonom&#xE9;tricas</subfield>
  </datafield>
  <datafield tag="653" ind1=" " ind2=" ">
    <subfield code="a">Ap&#xE9;ndice F: tabla peri&#xF3;dica de los elementos</subfield>
  </datafield>
  <datafield tag="930" ind1=" " ind2=" ">
    <subfield code="a">1561</subfield>
  </datafield>
  <datafield tag="930" ind1=" " ind2=" ">
    <subfield code="a">1562</subfield>
  </datafield>
  <datafield tag="930" ind1=" " ind2=" ">
    <subfield code="a">1563</subfield>
  </datafield>
  <datafield tag="930" ind1=" " ind2=" ">
    <subfield code="a">1564</subfield>
  </datafield>
  <datafield tag="930" ind1=" " ind2=" ">
    <subfield code="a">1565</subfield>
  </datafield>
  <datafield tag="942" ind1=" " ind2=" ">
    <subfield code="2">ddc</subfield>
    <subfield code="c">BK</subfield>
  </datafield>
  <datafield tag="999" ind1=" " ind2=" ">
    <subfield code="c">417</subfield>
    <subfield code="d">417</subfield>
  </datafield>
  <datafield tag="952" ind1=" " ind2=" ">
    <subfield code="0">0</subfield>
    <subfield code="1">0</subfield>
    <subfield code="2">ddc</subfield>
    <subfield code="4">0</subfield>
    <subfield code="7">0</subfield>
    <subfield code="8">REF</subfield>
    <subfield code="a">BFM</subfield>
    <subfield code="b">BFM</subfield>
    <subfield code="c">REF</subfield>
    <subfield code="d">2011-05-13</subfield>
    <subfield code="l">0</subfield>
    <subfield code="o">530 83 TIP</subfield>
    <subfield code="p">1561</subfield>
    <subfield code="r">2014-11-06</subfield>
    <subfield code="t">ej.1</subfield>
    <subfield code="w">2011-08-24</subfield>
    <subfield code="y">REF</subfield>
    <subfield code="z">LIBRO DE CONSULTA</subfield>
  </datafield>
  <datafield tag="952" ind1=" " ind2=" ">
    <subfield code="0">0</subfield>
    <subfield code="1">0</subfield>
    <subfield code="2">ddc</subfield>
    <subfield code="4">0</subfield>
    <subfield code="7">0</subfield>
    <subfield code="a">BFM</subfield>
    <subfield code="b">BFM</subfield>
    <subfield code="c">CR</subfield>
    <subfield code="d">2011-05-13</subfield>
    <subfield code="l">7</subfield>
    <subfield code="m">1</subfield>
    <subfield code="o">530 83 TIP</subfield>
    <subfield code="p">1562</subfield>
    <subfield code="r">2025-09-08</subfield>
    <subfield code="s">2025-08-28</subfield>
    <subfield code="t">ej.2</subfield>
    <subfield code="w">2011-05-13</subfield>
    <subfield code="y">BK</subfield>
    <subfield code="z">Sede Tordos.</subfield>
    <subfield code="f"></subfield>
  </datafield>
  <datafield tag="952" ind1=" " ind2=" ">
    <subfield code="0">0</subfield>
    <subfield code="1">0</subfield>
    <subfield code="2">ddc</subfield>
    <subfield code="4">0</subfield>
    <subfield code="7">0</subfield>
    <subfield code="a">BFM</subfield>
    <subfield code="b">BFM</subfield>
    <subfield code="c">CR</subfield>
    <subfield code="d">2011-05-13</subfield>
    <subfield code="l">7</subfield>
    <subfield code="o">530 83 TIP</subfield>
    <subfield code="p">1563</subfield>
    <subfield code="r">2016-12-16</subfield>
    <subfield code="s">2016-12-15</subfield>
    <subfield code="t">ej.3</subfield>
    <subfield code="w">2011-05-13</subfield>
    <subfield code="y">BK</subfield>
    <subfield code="z">Sede Tordos.</subfield>
    <subfield code="f"></subfield>
  </datafield>
  <datafield tag="952" ind1=" " ind2=" ">
    <subfield code="0">0</subfield>
    <subfield code="1">0</subfield>
    <subfield code="4">0</subfield>
    <subfield code="7">0</subfield>
    <subfield code="a">BFM</subfield>
    <subfield code="b">BFM</subfield>
    <subfield code="c">CR</subfield>
    <subfield code="d">2011-05-13</subfield>
    <subfield code="l">6</subfield>
    <subfield code="o">530 83 TIP</subfield>
    <subfield code="p">1564</subfield>
    <subfield code="r">2015-09-11</subfield>
    <subfield code="s">2015-09-09</subfield>
    <subfield code="t">ej.4</subfield>
    <subfield code="w">2011-05-13</subfield>
    <subfield code="y">BK</subfield>
  </datafield>
  <datafield tag="952" ind1=" " ind2=" ">
    <subfield code="0">0</subfield>
    <subfield code="1">0</subfield>
    <subfield code="2">ddc</subfield>
    <subfield code="4">0</subfield>
    <subfield code="7">0</subfield>
    <subfield code="a">BFM</subfield>
    <subfield code="b">BFM</subfield>
    <subfield code="c">CR</subfield>
    <subfield code="d">2011-05-13</subfield>
    <subfield code="l">5</subfield>
    <subfield code="o">530 83 TIP</subfield>
    <subfield code="p">1565</subfield>
    <subfield code="r">2016-05-20</subfield>
    <subfield code="s">2016-05-18</subfield>
    <subfield code="t">ej.5</subfield>
    <subfield code="w">2011-05-13</subfield>
    <subfield code="y">BK</subfield>
    <subfield code="z">Sede Tordos.</subfield>
    <subfield code="f"></subfield>
  </datafield>
</record>
